LEADER 02632nam 22005773 450 001 9910984630803321 005 20231208233258.0 010 $a9780774880763 010 $a0774880767 024 7 $a10.59962/9780774880763 035 $a(MiAaPQ)EBC6968022 035 $a(Au-PeEL)EBL6968022 035 $a(CKB)21835404800041 035 $a(DE-B1597)661085 035 $a(DE-B1597)9780774880763 035 $a(OCoLC)1314622008 035 $a(EXLCZ)9921835404800041 100 $a20220504d2022 uy 0 101 0 $aeng 135 $aurcnu|||||||| 181 $ctxt$2rdacontent 182 $cc$2rdamedia 183 $acr$2rdacarrier 200 10$aMétis rising $eliving our present through the power of our past /$fYvonne Boyer and Larry Chartrand 205 $a1st ed. 210 1$aVancouver :$cUBC Press,$d2022. 210 4$d©2021. 215 $a1 online resource (286 pages) 311 08$aPrint version: Boyer, Yvonne Métis Rising Vancouver : UBC Press,c2022 9780774880749 327 $aCover -- Contents -- Acknowledgments -- Introduction -- Part 1: History, Identity, and Belonging -- 1 River Water Flows through Our Veins -- 2 What's a Métis, Anyway? -- 3 The Right to Self-Identify as Métis at School -- 4 Ancestral Knowledge in a Contemporary World -- Part 2: Leadership and Relationship Building -- 5 Fire Starters and Keepers -- 6 Finding a Way around the Jurisdictional Gaps -- 7 Navigating Troubled Political Waters for Better Housing -- 8 Demanding the Right to Care for Their Own Children -- Part 3: Exercising Our Rights and Self-Determination -- 9 Who Will Come to Bury You? -- 10 Wiichihiwayshinawn -- 11 Stoking the Embers: A Story of Realizing Decolonizing Aims with the Métis through Media Agency -- 12 A Métis Woman's Journey of Discovery -- Contributors -- Index. 330 $aMétis Rising brings together a vibrant collection of essays on history, politics, and culture that celebrate the resilience of Métis identity. 606 $aMe?tis 606 $aMe?tis$xHistory 606 $aMe?tis$xEthnic identity 606 $aMe?tis$xSocial conditions 606 $aMe?tis$xGovernment relations 615 0$aMe?tis. 615 0$aMe?tis$xHistory. 615 0$aMe?tis$xEthnic identity. 615 0$aMe?tis$xSocial conditions. 615 0$aMe?tis$xGovernment relations. 676 $a971.00497 700 $aBoyer$b Yvonne$01793552 701 $aChartrand$b Larry$01793553 801 0$bMiAaPQ 801 1$bMiAaPQ 801 2$bMiAaPQ 906 $aBOOK 912 $a9910984630803321 996 $aMétis rising$94333485 997 $aUNINA